01175 2200229 4500001002100000005001500021035002000036008004100056041000800097082001000105090001600115100002000131700001900151245011500170260003700285300003600322650001200358650001500370084001600385520053100401990001300932INLIS00000000000158620260509021932 a0010-0521001586260509 g 0 ger  aGer a919.5 a919.5 CHA n0 aCHALMERS, James0 aGILL, W. Wyatt1 aNeuguinea : reisen und missionsthatigkeit wahrend der jahre 1877 bis 1885 /cJames Chalmers und W. Wyatt Gill. aLeipzig :bF.A. Brockhaus,c1886 axxxiv, 304 p. :bill. ;c23 cm. 4aTRAVELS 4aNEW GUINEA a919.5 CHA n aNeuguinea : Reisen und Missionsthätigkeit während der Jahre 1877 bis 1885 merupakan karya laporan perjalanan dan misi Kristen di Papua Nugini pada periode 1877–1885. Buku ini memuat pengalaman penulis dalam menjelajahi wilayah pesisir Papua, berinteraksi dengan masyarakat lokal, serta menggambarkan kondisi sosial, budaya, dan kepercayaan masyarakat setempat pada masa kolonial awal. Selain bernilai sebagai catatan misionaris, karya ini juga penting sebagai sumber sejarah dan etnografi mengenai Papua Nugini abad ke-19. a107 F 21